Teleprinter scrambler / (Record no. 181989)

000 -LEADER
fixed length control field 00563 a2200181 4500
003 - CONTROL NUMBER IDENTIFIER
control field Nust
005 - DATE AND TIME OF LATEST TRANSACTION
control field 20251015114944.0
040 ## - CATALOGING SOURCE
Transcribing agency Nust
082 ## - DEWEY DECIMAL CLASSIFICATION NUMBER
Classification number 621.382
100 ## - MAIN ENTRY--PERSONAL NAME
Personal name Mir, Maj Asad Ullah Jan ( TE-17)
9 (RLIN) 131116
245 ## - TITLE STATEMENT
Title Teleprinter scrambler /
Statement of responsibility, etc. Maj Asad Ullah Jan Mir & Capt Muhammad Iqbal Karimi & Capt Javed Akhtar & Capt Muhammad Jamil & Maj Yaqoob Bin Pideck (Malaysia)
260 ## - PUBLICATION, DISTRIBUTION, ETC.
Place of publication, distribution, etc. UET,Lahore
Name of publisher, distributor, etc. MCS
Date of publication, distribution, etc. 1985
300 ## - PHYSICAL DESCRIPTION
Extent 45 , p.;
538 ## - SYSTEM DETAILS NOTE
System details note T2 and Shelf No 4
650 ## - SUBJECT ADDED ENTRY--TOPICAL TERM
Topical term or geographic name entry element UG Projects
9 (RLIN) 98716
651 ## - SUBJECT ADDED ENTRY--GEOGRAPHIC NAME
Geographic name TE-17
9 (RLIN) 131114
942 ## - ADDED ENTRY ELEMENTS (KOHA)
Koha item type Project Report
Source of classification or shelving scheme
Holdings
Withdrawn status Lost status Source of classification or shelving scheme Damaged status Not for loan Permanent Location Current Location Shelving location Date acquired Full call number Barcode Date last seen Price effective from Koha item type Public note
          Military College of Signals (MCS) Military College of Signals (MCS) Reference 12/12/2016 621.382,MIR MCSPTE-15 12/08/2016 12/12/2016 Project Report Almirah No.90, Shelf No.1
          Military College of Signals (MCS) Military College of Signals (MCS) Reference 12/12/2016 621.382,MIR MCSPTE-16 12/08/2016 12/12/2016 Project Report Almirah No.90, Shelf No.1
© 2023 Central Library, National University of Sciences and Technology. All Rights Reserved.